Chansons de Garou - Mort Subite - Statistiques

Statistiques générales
  • Ce quiz a été pris 71 fois
  • Le résultat moyen est 7 sur 22
Answers on the Grid
Answers color-coded by a green-red scale on the quiz's grid according to % correct below.
Gitan
Que l'amour est violent
Demande au soleil
Seul
Sous le vent
Je n'attendais que vous
Jusqu'à me perdre
Le sucre et le sel
Prière indienne
Ne me parlez plus d'elle
Ton premier regard
La Rivière de notre enfance
Trahison
Milliers de pixels
Je resterai le même
Je l'aime encore
J'avais besoin d'être là
Toutes mes erreurs
Avec elle
La Félure
Je lui pardonne
Des villes et des visages
Ne me quitte pas
Oh Marie
Elle me contrôle
Les Larmes des maux
La Bohème
Je l'aime à mourir
Toi mon amour
La maladie d'amour
Mistral gagnant
On s'attache
Larme fatale
Les Couleurs du temps
La Vérité
Ma liberté de penser
 
Statistiques - réponses
Réponse % Correct
Seul
87%
Sous le vent
79%
La Rivière de notre enfance
51%
Je n'attendais que vous
49%
Gitan
40%
Je resterai le même
38%
Que l'amour est violent
38%
Avec elle
32%
J'avais besoin d'être là
28%
Jusqu'à me perdre
28%
Le sucre et le sel
26%
Demande au soleil
23%
Ton premier regard
23%
Toutes mes erreurs
23%
Ne me parlez plus d'elle
21%
Je l'aime encore
17%
Trahison
17%
Des villes et des visages
15%
Milliers de pixels
15%
Je lui pardonne
13%
Prière indienne
13%
La Félure
6%
Aucun quiz correspondant
Distribution des résultats
% des personnes avec chaque résultat
Percentile par nombre de réponses
Votre historique - résultats
Vous n’avez pas pris ce quiz